| 000 | 00477nam a22001817a 4500 | ||
|---|---|---|---|
| 003 | OSt | ||
| 005 | 20241209123148.0 | ||
| 008 | 241203b |||||||| |||| 00| 0 eng d | ||
| 020 | _a9780074637517 | ||
| 040 | _cTATA MCGRAW-HILL | ||
| 050 |
_aPE1408 _bMOH |
||
| 245 | _aEFFECTIVE ENGLISH COMMUNICATION | ||
| 260 |
_aNEW DELHI _bTATA MCGRAW-HILL PUBLISHING COMPANY LTD _cc2000 |
||
| 300 | _a326p | ||
| 700 | _aMOHAN, KRISHNA | ||
| 700 | _aRAMAN, MEENAKSHI | ||
| 942 |
_2lcc _cBK _n0 |
||
| 999 |
_c1923 _d1923 |
||